| 000 | 01069nam a2200193 i 4500 | ||
|---|---|---|---|
| 001 | 189528 | ||
| 003 | ES-MaACL | ||
| 005 | 20230906223508.0 | ||
| 008 | 190607s1871 po f |||| | por d | ||
| 100 | 1 |
_aRibeiro, Carlos. _996751 |
|
| 245 | 1 | 0 |
_aDescripçao de alguns silex e quartzites lascados encontrados nas camadas dos terrenos terciario e quaternario das bacias do Tejo e Sado _b: memoria apresentada á Academia Real das Sciencias de Lisboa / _cpor Carlos Ribeiro ; com a versao em francez por M. Dalhunty. |
| 260 |
_aLisboa : _bTyp. da Academia, _c1871. |
||
| 300 |
_a57, 57 p., X h. de lám. ; _c30 cm. |
||
| 546 | _aTexto en portugués y francés (2ª secuencia de 57 p.) | ||
| 599 | _aLám.: litogr. da Commissao Geologica de Portugal. | ||
| 651 | 4 |
_aPortugal- _xRestos arqueológicos. _9137322 |
|
| 710 | 2 |
_aAcademia das Ciências de Lisboa. _91159 |
|
| 852 |
_aES-MaACL _jL-32447(1) _z- Enc. cart. _z- Legado Federico de Botella y de Hornos _z- Enc. en 1 vol. facticio, con nombre en el lomo de: "Portugal: geología, memorias y documentos varios" |
||
| 999 |
_c189528 _d189528 |
||